La Petjada dels Catalans a Cuba: assaig sobre la presencia catalana a Cuba durant la primera meitat del segle XIX

Shranjeno v:
Bibliografske podrobnosti
Glavni avtor: Moreno Maso, José Joaquín (autor)
Format: Knjiga
Jezik:katalonščina
Izdano: Barcelona Generalitat de Catalunya 1992
Serija:Col.leccio Joan Orpi
Teme:
Oznake: Označite
Brez oznak, prvi označite!

MARC

LEADER 00000nam a2200000 a 4500
001 UCY3592
003 CL-VaPUC
008 950105e19920000SP |||||||||||||||||cat|d
082 0 4 |a 946  |b MOR  |2 21 
100 |a Moreno Maso, José Joaquín  |e autor  |9 331925 
245 1 3 |a La Petjada dels Catalans a Cuba: assaig sobre la presencia catalana a Cuba durant la primera meitat del segle XIX 
300 |a 108 p 
942 |c BK 
945 |d 19950105 00:00:00  |a mfernand 
260 |a Barcelona  |b Generalitat de Catalunya  |c 1992 
650 7 |a INMIGRANTE SIGLO 19  |2 CL-VaPUC  |9 331926 
650 0 |a Relaciones Exteriores  |9 255379 
651 7 |a CATALUÑA  |2 CL-VaPUC  |9 331857 
651 7 |a CUBA  |2 CL-VaPUC  |9 255263 
583 |a last modification  |c 19950105 00:00:00  |k Rodrigo Vera 
490 0 |a Col.leccio Joan Orpi 
999 |c 231685  |d 231683 
952 |0 0  |1 0  |4 0  |6 946_000000000000000_MOR_1992  |7 0  |8 P  |9 235158  |a BIBDER  |b BIBDER  |d 2019-11-15  |i 304422K  |o 946 MOR 1992  |p 304422K  |r 2023-01-25  |w 2019-11-15  |y BK  |k DER